• 首页
  • 本馆介绍
  • 公告通知
  • 最新文献
  • 馆藏检索
  • 电子资源
  • 读者导购
  • 参考咨询
  • 我的图书馆
  • 登录
  • 详细信息显示
  • 放入我的书架
  • 预约/预借图书
  • 作者相关作品
  • 分类相关作品
  • 丛书相关作品
  • 出版社相关作品

书目信息

  • 表格格式
  • 工作单格式
  • 卡片格式
题名:
岩石力学
    
 
作者: 徐志英 主编
分册:  
出版信息: 北京   中国水利水电出版社  1993.6
页数: 267页
开本: 26cm
丛书名:
单 册:
中图分类: TU45
科图分类: 86.115
主题词: 岩石力学--高等学校--教材 , 岩石力学
电子资源:
ISBN: 7-80124-282-3
000 00734nam0 2200277 450
001 0400002564
005 20171025144602.73
010    @a7-80124-282-3@dCNY35.00
010    @a7-120-01742-X@b1993
100    @a19971216e20151993em y0chiy0110 ea
101 0  @achi
102    @aCN@b110000
105    @ay z 000yy
106    @ar
200 1  @a岩石力学@9yan shi li xue@f徐志英主编
205    @a第3版
210    @a北京@c中国水利水电出版社@d1993.6@h2015.2重印
215    @a267页@d26cm
300    @a高等学校教材
606 0  @a岩石力学@x高等学校@x教材
606 0  @a岩石力学
690    @aTU45@v3
692    @a86.115@v2
701  0 @a徐志英@9xu zhi ying@4主编
801  0 @aCN@b91MARC@c20171021
905    @b1021873-7@dTU45@f5@e1013=3
    
    岩石力学/徐志英主编.-第3版.-北京:中国水利水电出版社,1993.6(2015.2重印)
    267页;26cm
    高等学校教材
    
    ISBN 7-80124-282-3:CNY35.00
    
●
相关链接 在E读中查询图书 在五车中查询图书 在当当中查询图书 在豆瓣中查询图书


正题名:岩石力学     索取号:TU45/1013=3         预约/预借

序号 登录号 条形码 馆藏地/架位号 状态 备注
1 1021873   210218735   第二样本阅览室/ [索取号:TU45/1013=3] 在馆    
2 1021874   210218744   第三借阅区/ [索取号:TU45/1013=3] 在馆    
3 1021875   210218753   第三借阅区/ [索取号:TU45/1013=3] 在馆    
4 1021876   210218762   密集书库-生命科学系/ [索取号:TU45/1013=3] 在馆    
5 1021877   210218771   第三借阅区/ [索取号:TU45/1013=3] 在馆    
唐山师范学院图书馆 欢迎您!
大连网信软件有限公司© 版权所有